000 00207nam a22000857a 4500
001 1235321
005 20250930123546.0
245 _aLEYLEK HAVADA
_cLEYLA RUHAN OKYAY
260 _bGÜNIŞIĞI KİTAPLIĞI YAYINLARI
999 _c1235321
_d1235321